Word Ladder: US Supreme Court Justice Quiz Stats

 Plays Quiz Updated Dec 4, 2017

Challenge
Share
Tweet
Embed
Score 0/16 Timer 02:00
3 Plays Today
Clue % Correct
Evil's opposite•GOOD•
98.2%
Lacking hairBALD
98%
Olympics bestGOLD
97.8%
Fourth planet•MARS•
96.9%
Shopping centerMALL
96%
Lacking fearBOLD
96%
Fri. preceder•THUR•
95.2%
One's temperamentMOOD
93.1%
Clue % Correct
Skilled poetBARD
92%
Reception indicatorsBARS
89.6%
Soil fertilizerMARL
89.1%
'Cluedo' room•HALL•
88.1%
Band scheduleTOUR
84.5%
Way inDOOR
81.9%
Boggy areaMOOR
81%
Not happyDOUR
78.1%

Today's Daily Dose

You're not logged in!

Compare scores with friends on all Sporcle quizzes.
Join for Free
OR
Log In

You Might Also Like...

Show Comments

Extras

Top Quizzes Today


Score Distribution

Your Account Isn't Verified!

In order to create a playlist on Sporcle, you need to verify the email address you used during registration. Go to your Sporcle Settings to finish the process.

Report this User

Report this user for behavior that violates our Community Guidelines.

Details: